| 000 | 00770nam a22002537a 4500 | ||
|---|---|---|---|
| 001 | 3870961 | ||
| 003 | OSt | ||
| 005 | 20170518103305.0 | ||
| 008 | 170313b xxu||||| |||| 00| 0 eng d | ||
| 010 | _a 89012100 | ||
| 020 | _a0470214805 (Wiley) | ||
| 040 |
_aMMU _cMMU _dMMU _beng. |
||
| 050 | 0 | 0 |
_aS589.7 _b.T58 1990 |
| 082 | 0 | 0 |
_a630/.2/745 _220 |
| 100 | 1 | _aTivy, Joy. | |
| 245 | 1 | 0 |
_aAgricultural ecology / _cJoy Tivy. |
| 260 |
_aHarlow, Essex, England : _bLongman Scientific & Technical ; _aNew York : _bWiley, _c1990. |
||
| 300 |
_aviii, 288 p. : _bill., maps ; _c23 cm. |
||
| 500 | _aIncludes index. | ||
| 504 | _aBibliography: p. 261-280. | ||
| 650 | 0 | _aAgricultural ecology. | |
| 906 |
_a7 _bcbc _corignew _d1 _eocip _f19 _gy-gencatlg |
||
| 942 |
_2lcc _cLOAN LOAN |
||
| 999 |
_c24403 _d24403 |
||